Rožňavčania zapĺňajú stále viac miest v hľadisku

Bibliographic Details
Format: Article
Language:Slovak
Subjects:

MARC

LEADER 00000nab a2200000 a 4500
001 vtls001010746
003 SK-MaSNL
005 20260303202207.0
008 040720e20020912xo 0 slo
035 |a RV11346 
040 |a RVGKPD  |b slo  |c RVGKPD  |e AACR2 
041 0 |a slo 
044 |a xo  |c SK 
080 |a 792.2  |2 1981 
080 |a 7.091.4  |2 1981 
245 0 0 |a Rožňavčania zapĺňajú stále viac miest v hľadisku 
611 2 7 |a Tempus Art  |n (1. :  |d 2002 :  |c Rožňava, Slovensko)  |2 snkbucl  |9 24046 
648 7 |a 2002  |2 snkbucl  |9 299607 
650 0 7 |a alternatívne divadlo  |2 snkbucl  |9 3344 
650 0 7 |a divadelné festivaly a prehliadky  |2 snkbucl  |9 3350 
651 7 |a Rožňava (Slovensko)  |2 RVGKPD  |9 17394 
773 0 8 |t Gemerský denník  |g Roč. 4, č.212, 12.9.2002, s. 1 
852 |a ZVYKNI  |b KIS3GCP 
999 |c 2178149  |d 2180079